00389 2200157 4500001002100000005001500021035002000036245004600056100001900102300002600121260002800147082000800175084001400183020002200197990001200219INLIS00000000000297120250917022819 a0010-09250003181 aKasih Yang Tak Sempurna /cDew Syailendra0 aDew Syailendra a200 hlm ;c13 x 19 cm aJakarta :bZettu,c2013 a813 a813 DEW k a978-602-7735-77-4 a0755662